Statistics for Lana Del Rey Songs (Updated February 2024)

Click here to take the quiz!

General Stats

  • This quiz has been taken 799 times
    (85 since last reset)
  • The average score is 80 of 149

Answer Stats

Album#Answer% Correct
Born to Die1Born to Die
96%
Born to Die11Summertime Sadness
92%
Ultraviolence2Ultraviolence
92%
Did You Know That There's a Tunnel Under Ocean Blvd2Did You Know That There's a Tunnel Under Ocean Blvd
87%
Born to Die4Video Games
87%
Lust for Life2Lust for Life
83%
Norman Fucking Rockwell!1Norman fucking Rockwell
83%
Chemtrails Over the Country Club2Chemtrails Over the Country Club
81%
Honeymoon1Honeymoon
79%
Paradise1Ride
77%
Did You Know That There's a Tunnel Under Ocean Blvd4A&W
75%
Honeymoon7Art Deco
75%
Blue Banisters2Blue Banisters
75%
Born to Die3Blue Jeans
73%
Lust for Life4Cherry
73%
Paradise3Cola
73%
Born to Die8Radio
73%
Born to Die12This is What Makes Us Girls
73%
Ultraviolence4Brooklyn Baby
71%
Born to Die5Diet Mountain Dew
71%
Norman Fucking Rockwell!5Doin' Time
71%
Born to Die14Lolita
71%
Lust for Life1Love
71%
Born to Die6National Anthem
71%
Born to Die2Off to the Races
71%
Norman Fucking Rockwell!12Bartender
69%
Born to Die9Carmen
69%
Born to Die7Dark Paradise
69%
Ultraviolence7Pretty When You Cry
69%
Norman Fucking Rockwell!3Venice Bitch
69%
Ultraviolence5West Coast
69%
Norman Fucking Rockwell!9California
67%
Norman Fucking Rockwell!7Cinnamon Girl
67%
Paradise6Gods & Monsters
67%
Norman Fucking Rockwell!13Happiness is a butterfly
67%
Honeymoon5High by the Beach
67%
Norman Fucking Rockwell!14hope is a dangerous thing for a woman like me to have - but I have it
67%
Norman Fucking Rockwell!2Mariners Apartment Complex
67%
Did You Know That There's a Tunnel Under Ocean Blvd15Peppers
67%
Did You Know That There's a Tunnel Under Ocean Blvd1The Grants
67%
Ultraviolence11The Other Woman
67%
Ultraviolence1Cruel World
65%
Honeymoon6Freak
65%
Did You Know That There's a Tunnel Under Ocean Blvd13Margaret
65%
Ultraviolence3Shades of Cool
65%
Singles/Other2013Young and Beautiful
65%
Honeymoon1224
63%
Ultraviolence12Black Beauty
63%
Paradise5Blue Velvet
63%
Did You Know That There's a Tunnel Under Ocean Blvd6Candy Necklace
63%
Norman Fucking Rockwell!4Fuck it I love you
63%
Ultraviolence6Sad Girl
63%
Honeymoon10Salvatore
63%
Blue Banisters3Arcadia
62%
Ultraviolence14Florida Kilos
62%
Did You Know That There's a Tunnel Under Ocean Blvd11Grandfather Please Stand on the Shoulders of My Father While He's Deep-Sea Fishing
62%
Ultraviolence13Guns and Roses
62%
Born to Die10Million Dollar Man
62%
Lust for Life6Summer Bummer
62%
Did You Know That There's a Tunnel Under Ocean Blvd3Sweet
62%
Born to Die13Without You
62%
Paradise2American
60%
Paradise9Burning Desire
60%
Did You Know That There's a Tunnel Under Ocean Blvd12Let the Light In
60%
Born to Die15Lucky Ones
60%
Did You Know That There's a Tunnel Under Ocean Blvd10Paris, Texas
60%
Honeymoon13Swan Song
60%
Did You Know That There's a Tunnel Under Ocean Blvd14Fishtail
58%
Lust for Life16Get Free
58%
Lust for Life7Groupie Love
58%
Norman Fucking Rockwell!6Love song
58%
Honeymoon2Music to Watch Boys to
58%
Ultraviolence10Old Money
58%
Norman Fucking Rockwell!11The greatest
58%
Chemtrails Over the Country Club1White Dress
58%
Paradise7Yayo
58%
Lust for Life313 Beaches
56%
Blue Banisters7Beautiful
56%
Ultraviolence9Fucked My Way Up to the Top
56%
Ultraviolence8Money Power Glory
56%
Did You Know That There's a Tunnel Under Ocean Blvd16Taco Truck x VB
56%
Honeymoon11The Blackest Day
56%
Norman Fucking Rockwell!10The Next Best American Record
56%
Lust for Life5White Mustang
56%
Norman Fucking Rockwell!8How to disappear
54%
Collaborations2022Snow on the Beach
54%
Blue Banisters5Black Bathing Suit
52%
Blue Banisters9Dealer
52%
Honeymoon4God Knows I Tried
52%
Lust for Life14Heroin
52%
Singles/Other2023Say Yes to Heaven
52%
Paradise8Bel Air
50%
Paradise4Body Electric
50%
Did You Know That There's a Tunnel Under Ocean Blvd9Fingertips
50%
Did You Know That There's a Tunnel Under Ocean Blvd8Kintsugi
50%
Collaborations2016Stargirl Interlude
50%
Blue Banisters1Text Book
50%
Blue Banisters8Violets for Roses
50%
Lust for Life11When the World was at War We Kept Dancing
50%
Lust for Life12Beautiful People Beautiful Problems
48%
Blue Banisters14Cherry Blossom
48%
Blue Banisters13Living Legend
48%
Honeymoon9Religion
48%
Lust for Life15Change
46%
Lust for Life9Coachella - Woodstock in My Mind
46%
Chemtrails Over the Country Club6Dark But Just a Game
46%
Honeymoon14Don't Let Me Be Misunderstood
46%
Blue Banisters4Interlude - The Trio
46%
Honeymoon3Terrence Loves You
46%
Chemtrails Over the Country Club3Tulsa Jesus Freak
46%
Chemtrails Over the Country Club10Dance Till We Die
44%
Did You Know That There's a Tunnel Under Ocean Blvd7Jon Batiste Interlude
44%
Blue Banisters11Wildflower WIldfire
44%
Honeymoon8Burnt Norton - Interlude
42%
Lust for Life10God Bless America - And All the Beautiful Women in It
42%
Blue Banisters6If You Lie Down With Me
42%
Lust for Life8In My Feelings
42%
Chemtrails Over the Country Club7Not All Who Wander Are Lost
42%
Blue Banisters10Thunder
42%
Blue Banisters12Nectar of the Gods
40%
Blue Banisters15Sweet Carolina
40%
Chemtrails Over the Country Club9Breaking Up Slowly
38%
Chemtrails Over the Country Club11For Free
38%
Chemtrails Over the Country Club4Let Me Love You Like a Woman
38%
Lust for Life13Tomorrow Never Came
38%
Chemtrails Over the Country Club5Wild at Heart
38%
Chemtrails Over the Country Club8Yosemite
37%
Collaborations2019Don't Call Me Angel
35%
Did You Know That There's a Tunnel Under Ocean Blvd5Judah Smith Interlude
35%
Singles/Other2014Once Upon a Dream
35%
Singles/Other2019Season of the Witch
33%
Singles/Other2022Watercolor Eyes
31%
Singles/Other2019Looking for America
27%
Singles/Other2014Big Eyes
25%
Singles/Other2023Take Me Home, Country Roads
23%
Collaborations2023Lost at Sea
21%
Collaborations2015Prisoner
21%
Collaborations2020Hallucinogenics
17%
Collaborations2015Wait for Life
17%
Collaborations2018God Save Our Young Blood
15%
Singles/Other2018You Must Love Me
15%
Collaborations2022Buddy's Rendezvous
13%
Collaborations2023Hollywood Bowl
13%
Collaborations2023Suburban House
13%
Singles/Other2020Summertime the Gershwin Version
13%
Collaborations2018Woman
13%
Collaborations2021Secret Life
12%
Singles/Other2014I Can Fly
10%
Collaborations2012Dayglo Reflection
6%

Score Distribution

Percentile by Number Answered

Percent of People with Each Score

Your Score History

You have not taken this quiz since the last reset